Benaventurats els lladres /
Descripción Física:
85 pàg. ; 18 cm
Materias:
Fons Joan Junyer i Pascual (1909-1994)
Idioma:
Catalán
MARC
| LEADER | 00000nam a22000007a 4500 | ||
|---|---|---|---|
| 001 | 24781 | ||
| 003 | AGDB | ||
| 005 | 20260324181536.0 | ||
| 008 | 940505s1935 spc|||||| 000 ||cat| | ||
| 035 | |a (ES-BaCBU).b19725668 | ||
| 040 | |a ES-BaCBU |b cat |c ES-BaCBU | ||
| 080 | |a 849.9-2"19" | ||
| 100 | |a Agustí, Ignasi, |d 1913-1974 |9 72492 | ||
| 245 | 1 | 0 | |a Benaventurats els lladres / |c Ignasi Agustí |
| 260 | |a Barcelona : |b L.E.D.A. , |c 1935 | ||
| 300 | |a 85 pàg. ; |c 18 cm | ||
| 500 | |a Prové del fons Joan Junyer i Pascual (1909-1994) | ||
| 650 | |a Fons Joan Junyer i Pascual (1909-1994) |9 72777 | ||
| 907 | |a .b19725668 |b 05-05-21 |c 07-05-08 |d 05-05-94 |e m |f a |g - |h cat |i spc |j 0 |k 2 | ||
| 908 | |a BC |a UPF |a AFP |a ANC |a UAB | ||
| 940 | |a BC | ||
| 942 | |2 udc |c ARXIU |n 1 | ||
| 952 | |0 0 |1 0 |4 0 |6 F50467 |7 1 |9 98462 |a Arxiu |b Arxiu |d 2025-10-15 |l 0 |o F-504-67 |p 24781 |r 2025-10-15 09:29:35 |w 2025-10-15 |y ARXIU | ||
| 999 | |c 130216 |d 130216 | ||